书目信息 |
| 题名: |
中国杂技艺术
|
|
| 作者: | 王正保 编 | |
| 分册: | ||
| 出版信息: | 北京 外文出版社 1982 |
|
| 页数: | 107页 | |
| 开本: | 22cm | |
| 丛书名: | ||
| 单 册: | ||
| 中图分类: | J828 | |
| 科图分类: | ||
| 主题词: | 杂技--中国--图集 | |
| 电子资源: | ||
| ISBN: | ||
| 000 | 00554nam0 2200217 45 | |
| 001 | 0182007442 | |
| 005 | 20060629160830.84 | |
| 010 | @dCNY6.40 | |
| 100 | @a19950612d1982 em y0chiy0121 ea | |
| 101 | 0 | @achi |
| 102 | @aCN@b110000 | |
| 105 | @aa z 000yy | |
| 200 | 10 | @a中国杂技艺术@Azhong guo za ji yi shu@f王正保编 |
| 210 | @a北京@c外文出版社@d1982 | |
| 215 | @a107页@d22cm | |
| 606 | @a杂技@y中国@x图集 | |
| 690 | @aJ828@v3 | |
| 701 | 0 | @a王正保@Awang zheng bao@4编 |
| 801 | 2 | @aCN@bNLC@c20060629 |
| 801 | 0 | @aCN@bTSSF |
| 905 | @a10447@dJ828@e58 | |
| 中国杂技艺术/王正保编.-北京:外文出版社,1982 |
| 107页;22cm |
| ISBN :CNY6.40 |
| ● |
| 相关链接 |
|
|
|
|
正题名:中国杂技艺术
索取号:J828/58
 
预约/预借
| 序号 | 登录号 | 条形码 | 馆藏地/架位号 | 状态 | 备注 |
| 1 | 0421387 | 204213877 | 密集书库/ [索取号:J828/58] | 在馆 |